000 00467nam a2200193Ia 4500
005 20240823054318.0
008 240823s9999||||xx |||||||||||||| ||und||
020 _a978-81-309-2847-0
041 _aENGLISH
082 _A808.042 Q5
100 _aLaura Brown
245 0 _aHow to Write Anything A Complete Guide
250 _a1st
260 _c2015
_b"Viva Books, Privated Li"
500 _aYES
650 _aGeneral
_bGeneral
942 _cBK
999 _c226162
_d226162